U.S. Alphabet Branch #2 - Statistics

General Stats
  • This quiz has been taken 17 times
  • The average score is 21 of 26
Answer Stats
Hint Letter Step Answer % Correct
State that L is in C 2 California
100%
L has a famous sign with this word on it H 2 Hollywood
100%
The second largest city in population L 1 Los Angeles
100%
The city that beat L in population N 2 New York City
100%
N street that broke the economy W 3 Wall Street
100%
Capital of C S 3 Sacramento
93%
W crash of 1929 caused this G 4 Great Depression
86%
Airport of N J 3 John F. Kennedy Airport
86%
Headquarters are located in N U 3 United Nations
86%
How many stations in L does the "Metro F Line" control? Z 2 Zero
86%
N's creators D 3 Dutch Empire
79%
N Island near Liberty Island E 3 Ellis Island
79%
J was named after a... P 4 President
79%
Terrorist group that ravaged N in 2001: Al-_____ Q 3 Qaeda
79%
G but on a global scale: 2009 Great _________ R 5 Recession
79%
Translate L from Spanish to English T 2 The Angels
79%
Famous Beach in L V 2 Venice Beach
79%
Country where Q has pledged allegiance to A 4 Afghanistan
71%
J has an F. initial. What does it stand for? F 4 Fitzgerald
71%
Tallest Building in N O 3 One World Trade Center
71%
L held 5 Super Bowls. Name one of them. X 2 XI | XIV | XVII | XXI | XXVII
71%
Armenian Sister City of L Y 2 Yerevan
71%
Hindi H B 3 Bollywood
64%
Country M is in I 5 India
64%
City where B came from M 4 Mumbai
64%
Current Mayor of L K 2 Karen Bass
21%
No matching quizzes found
Score Distribution
Percent of People with Each Score
Percentile by Number Answered
Your Score History
You have not taken this quiz